000
00177 a2200097 4500
020
_a
9781595663993
041
_a
spa
100
_a
Hewitt, Sally
245
_a
Oye Esto
942
_c
BK
999
_c
5398
_d
5398